000 00316nam a22001337a 4500
008 170925b xxu||||| |||| 00| 0 eng d
020 _a0867090912
041 _aeng
080 _a37
100 _a46
101 _aEDU
245 _aTEACHUNG WRITING ESSAYS FROM BAY AREA PROJECT
_cCAMP.G
942 _2udc
_cBK
999 _c29523
_d29523